00505nam a2200133Ia 4500008004100000020001800041100002000059245013800079260002400217300001800241500004900259650003300308650003000341181023s9999 xx 000 0 und d a9780814420065 aBolton, Robert. cRobert Bolton, Dorothy Grover Bolton.--aWhat great trainers do :bthe ultimate guide to delivering engaging and effective learning / aUSA :bAmacomc2016 ax, 285 pages. aIncludes bibliographic references and index. aEmployee training personnel. aEmployees -- training of.